000 00398 a2200169 4500
999 _c313679
_d313679
001 78606
003 NUST
005 20180119125050.0
008 180119b xxu||||| |||| 00| 0 eng d
082 _a510 MOE
100 _aMinistry of Education
_99099
245 _aMathematics dictionary
_hArabic
250 _a1
260 _aAmman
_bMinistry of Education
_c1998
300 _a308
500 _aGeneral Books
505 _aGifted Books
600 _aMathematics
_99100
942 _aNUST-CAE
_cBK
_k510 MOE
_2ddc